• 首页
  • 本馆介绍
  • 公告通知
  • 最新文献
  • 馆藏检索
  • 电子资源
  • 读者导购
  • 参考咨询
  • 我的图书馆
  • 登录
  • 详细信息显示
  • 放入我的书架
  • 预约/预借图书
  • 作者相关作品
  • 分类相关作品
  • 丛书相关作品
  • 出版社相关作品

书目信息

  • 表格格式
  • 工作单格式
  • 卡片格式
题名:
吴趼人全集
    
 
作者: 吴趼人 著 ;刘敬圻 主编
分册: 上   社会小说集
出版信息: 哈尔滨   北方文艺出版社  2019
页数: 576页
开本: 21cm
丛书名:
单 册:
中图分类: I242.47 , K825.6 , I216.1
科图分类:
主题词: 章回小说--Zhang Hui Xiao Shuo--小说集--中国--清代 , 文学--作品集--中国
电子资源:
ISBN: 978-7-5317-4265-4
000 01921nam0 2200349 45
001 012001009957
005 20191107101307.35
010    @a978-7-5317-4265-4@b上@dCNY68.00
099    @aCAL 012019057798
100    @a20190301d2019 em y0chiy50 ea
101 0  @achi
102    @aCN@b230000
105    @ay z 000ay
106    @ar
200 1  @a吴趼人全集@AWu Jian Ren Quan Ji@i社会小说集@h上@f(清) 吴趼人著
210    @a哈尔滨@c北方文艺出版社@d2019
215    @a576页@d21cm
314    @a版权页题:刘敬圻主编
330    @a《社会小说集(上)》收录了《新石头记》《白话西厢记》《海上名妓四大金刚奇书》三部作品,以在上海《南方报》《辛报》等刊物上的连载为底本,保留原文插图,删除其他附录文字。《新石头记》为续《红楼梦》故事,承继了《石头记》的迷幻时空框架,小说中,贾宝玉在1901年复活,目睹了大量火车,轮船,电灯等电气化的新事物,为高度发达的西方科技文明所震撼,并自信将来有一天中国也能制造这些东西。《白话西厢记》是吴趼人将王实甫的《西厢记》传奇改写成白话小说,《海上名妓四大金刚奇书》则是吴趼人第一部长篇章回体小说。
330    @a《社会小说集》(下)收录了《九命奇冤》《发财秘诀》《糊涂世界》《最近社会龌龊史》《活地狱》等作品。作品皆以在上海《南方报》《辛报》等刊物上的连载为底本,保留原文插图,删除其他附录文字,为吴趼人社会小说之大成。《九命奇冤》讲述雍正年间,两家因“风水”问题,渐成仇敌的故事。《发财秘诀》是当时反买办阶级的一部代表作,所写的人物是吴趼人最痛恶的人物。《糊涂世界》这部谴责小说,主要反映了晚清时期湖南、两广和福建等地区官场的黑暗现实。
333    @a一般读者
517 1  @a社会小说集@AShe Hui Xiao Shuo Ji
600  0 @a吴趼人,@AWu Jian Ren@f1866-1910@j全集
606 0  @a章回小说@AZhang Hui Xiao Shuo@x小说集@y中国@z清代
606 0  @a文学@x作品集@x中国
690    @aI242.47@v5
690    @aK825.6@v4
690    @aI216.1@v4
701  0 @a吴趼人@AWu Jian Ren@4著
702  0 @a刘敬圻@ALiu Jing Qi@4主编
801  0 @aCN@b上海新华@c20191020
905    @b1135091-4@dI216.1@e980:1(1)@f4
    
    吴趼人全集.社会小说集.上/(清) 吴趼人著.-哈尔滨:北方文艺出版社,2019
    576页;21cm
    使用对象:一般读者
    
    ISBN 978-7-5317-4265-4(上):CNY68.00
    《社会小说集(上)》收录了《新石头记》《白话西厢记》《海上名妓四大金刚奇书》三部作品,以在上海《南方报》《辛报》等刊物上的连载为底本,保留原文插图,删除其他附录文字。《新石头记》为续《红楼梦》故事,承继了《石头记》的迷幻时空框架,小说中,贾宝玉在1901年复活,目睹了大量火车,轮船,电灯等电气化的新事物,为高度发达的西方科技文明所震撼,并自信将来有一天中国也能制造这些东西。《白话西厢记》是吴趼人将王实甫的《西厢记》传奇改写成白话小说,《海上名妓四大金刚奇书》则是吴趼人第一部长篇章回体小说。.-《社会小说集》(下)收录了《九命奇冤》《发财秘诀》《糊涂世界》《最近社会龌龊史》《活地狱》等作品。作品皆以在上海《南方报》《辛报》等刊物上的连载为底本,保留原文插图,删除其他附录文字,为吴趼人社会小说之大成。《九命奇冤》讲述雍正年间,两家因“风水”问题,渐成仇敌的故事。《发财秘诀》是当时反买办阶级的一部代表作,所写的人物是吴趼人最痛恶的人物。《糊涂世界》这部谴责小说,主要反映了晚清时期湖南、两广和福建等地区官场的黑暗现实。
●
相关链接 在E读中查询图书 在五车中查询图书 在当当中查询图书 在豆瓣中查询图书


正题名:吴趼人全集     索取号:I216.1/980:1(1)         预约/预借

序号 登录号 条形码 馆藏地/架位号 状态 备注
1 1135091   211350919   第一样本阅览室/ [索取号:I216.1/980:1(1)] 在馆    
2 1135092   211350928   第二借阅区/ [索取号:I216.1/980:1(1)] 在馆    
3 1135093   211350937   第二借阅区/ [索取号:I216.1/980:1(1)] 在馆    
4 1135094   211350946   第二借阅区/ [索取号:I216.1/980:1(1)] 在馆    
唐山师范学院图书馆 欢迎您!
大连网信软件有限公司© 版权所有